[Event "Czestochowa YAWAL op"]
[Site "Czestochowa"]
[Date "1994.??.??"]
[Round "2"]
[White "Woloszyn, R."]
[Black "Pinkas, Karol"]
[Result "0-1"]
[WhiteElo "1800"]
[BlackElo "2345"]
[PlyCount "52"]
[EventDate "1994.??.??"]
[EventType "swiss"]
[EventRounds "9"]
[EventCountry "POL"]
[SourceTitle "EXT 2006"]
[Source "ChessBase"]
[SourceDate "2005.11.24"]
[SourceVersion "1"]
[SourceVersionDate "2005.11.24"]
[SourceQuality "1"]

1. e4 e5 2. Nf3 Nc6 3. Bb5 f5 4. Bxc6 dxc6 5. 0-0 fxe4 6. Nxe5 Nf6 7. d4 Bd6 8. Nc3 0-0 9. Bg5 Qe8 10. Re1 Bxe5 11. dxe5 Qxe5 12. Bxf6 Qxf6 13. Nxe4 Qxb2 14. a4 Qe5 15. Rb1 b6 16. Qd2 Bg4 17. Qe3 Rad8 18. h3 Bf5 19. Qg5 h6 20. Qh4 Rd4 21. f3 Bxe4 22. Rxe4 Rxe4 23. fxe4 Qc5+ 24. Kh1 Qxc2 25. Rb4 Qd1+ 26. Kh2 Qd6+ 0-1